Mathematics Studies SL : (Record no. 9541)
[ view plain ]
| 000 -LEADER | |
|---|---|
| fixed length control field | 00938nam a22002177a 4500 |
| 003 - CONTROL NUMBER IDENTIFIER | |
| control field | OSt |
| 005 - DATE AND TIME OF LATEST TRANSACTION | |
| control field | 20140310182121.0 |
| 008 - FIXED-LENGTH DATA ELEMENTS--GENERAL INFORMATION | |
| fixed length control field | 130827t xxu||||| |||| 00| 0 eng d |
| 050 ## - LIBRARY OF CONGRESS CALL NUMBER | |
| Classification number | QA 273 |
| Item number | .M426Sl 2005 |
| 082 ## - DEWEY DECIMAL CLASSIFICATION NUMBER | |
| Classification number | IB 371.2 |
| Item number | T22 2006 |
| 110 ## - MAIN ENTRY--CORPORATE NAME | |
| Corporate name or jurisdiction name as entry element | International Baccalaureate Organization |
| 9 (RLIN) | 203 |
| 245 ## - TITLE STATEMENT | |
| Title | Mathematics Studies SL : |
| Remainder of title | Teacher support materials / |
| Statement of responsibility, etc | International Baccalaureate Organization. |
| 260 ## - PUBLICATION, DISTRIBUTION, ETC. (IMPRINT) | |
| Place of publication, distribution, etc | Cardiff, Wales, UK : |
| Name of publisher, distributor, etc | International Baccalaureate Organization, |
| Date of publication, distribution, etc | 2005. |
| 300 ## - PHYSICAL DESCRIPTION | |
| Extent | 69 p. : |
| Other physical details | ill. ; |
| Dimensions | 30 cm. |
| 440 ## - SERIES STATEMENT/ADDED ENTRY--TITLE | |
| Title | First examinations 2006. |
| 9 (RLIN) | 14042 |
| 500 ## - GENERAL NOTE | |
| General note | Language A1 & A2 English & Spanish. |
| 520 ## - SUMMARY, ETC. | |
| Summary, etc | Teacher support materials for the ff: #1 Espanol B #2 English B #3 Lengua A1, Espanol A1 #4 Mathematical Studies SL(gdc) #5 Mathematics HL/SL (gdc) #6 Espanol ab initio #7 Lengua A2, Espanol A2 #8 Language A1, English A1 |
| 942 ## - ADDED ENTRY ELEMENTS (KOHA) | |
| Source of classification or shelving scheme | Library of Congress Classification |
| Koha item type | Books |
| Withdrawn status | Lost status | Source of classification or shelving scheme | Damaged status | Home library | Current library | Shelving location | Date acquired | Total Checkouts | Full call number | Barcode | Date last seen | Copy number | Price effective from | Koha item type |
|---|---|---|---|---|---|---|---|---|---|---|---|---|---|---|
| Library of Congress Classification | Luxembourg Library | Luxembourg Library | International Baccalaureate Section | 08/27/2013 | QA 273 .In61 2005 | 15266 | 08/27/2013 | 1 | 08/27/2013 | Books | ||||
| Library of Congress Classification | Luxembourg Library | Luxembourg Library | International Baccalaureate Section | 10/24/2013 | QA 273 .M426Sl 2005 | 15267 | 06/21/2019 | 2 | 10/24/2013 | Books |